Proclama de la Fuerza Armada de El Salvador del 15 de octubre de 1979 (Registro nro. 4341)

Detalles MARC
000 -CABECERA
Longitud fija campo de control 00888cam a2200241 a 4500
001 - NÚMERO DE CONTROL
Número de control 4255286
003 - IDENTIFICADOR DELl NÚMERO DE CONTROL
Identificador del número de control OSt
005 - FECHA Y HORA DE LA ÚLTIMA TRANSACCIÓN
Fecha y hora de la última transacción 20131121213003.0
008 - CÓDIGOS DE INFORMACIÓN DE LONGITUD FIJA
Códigos de información de longitud fija 831215s1980 es f000 0 spa
040 ## - FUENTE DE LA CATALOGACIÓN
Centro catalogador de origen DLC
Centro transcriptor BMC
082 ## - NÚMERO DE LA CLASIFICACIÓN DECIMAL DEWEY
Númeroo de clasificación 972.84053
082 ## - NÚMERO DE LA CLASIFICACIÓN DECIMAL DEWEY
Númeroo de clasificación 355.0213
082 ## - NÚMERO DE LA CLASIFICACIÓN DECIMAL DEWEY
Númeroo de clasificación 355.7284026
110 1# - PUNTO DE ACCESO PRINCIPAL-NOMBRE DE ENTIDAD CORPORATIVA
9 (RLIN) 9739
Nombre de entidad corporativa o nombre de jurisdicción como elemento inicial El Salvador
Título de la obra Leyes, etc. militares
245 10 - MENCIÓN DE TÍTULO
Título Proclama de la Fuerza Armada de El Salvador del 15 de octubre de 1979
Resto del título : y Decretos nos. 1, 7, 114, 75, 157, 68, 9, 153, 154, 158, 166, 159, de la Junta Revolucionaria de Gobierno.
260 ## - PUBLICACIÓN, DISTRIBUCIÓN, ETC. (PIE DE IMPRENTA)
Lugar de publicación, distribución, etc. San Salvador
Nombre del editor, distribuidor, etc. Ministerio del Interior ; El Salvador
Fecha de publicación, distribución, etc. 1980
300 ## - DESCRIPCIÓN FÍSICA
Extensión 144 p.
Dimensiones 17 cm
490 ## - MENCIÓN DE SERIE
Mención de serie Publicaciones del Ministerio del Interior
650 24 - PUNTO DE ACCESO ADICIONAL DE MATERIA - TÉRMINO DE MATERIA
Término de materia o nombre geográfico como elemento inicial Militarismo
9 (RLIN) 9181
651 #4 - PUNTO DE ACCESO ADICIONAL DE MATERIA - NOMBRE GEOGRÁFICO
9 (RLIN) 9367
Nombre geográfico El Salvador
Subdivisión de materia general Historia
Subdivisión cronológica 1979 (Golpe de Estado)
710 1# - PUNTO DE ACCESO ADICIONAL - NOMBRE DE ENTIDAD
Nombre de entidad o nombre de jurisdicción como elemento inicial El Salvador
Unidad subordinada Junta Revolucionaria de Gobierno
9 (RLIN) 9745
942 ## - ENTRADA DE ELEMENTOS AGREGADOS (KOHA)
Fuente de clasificaión o esquema Dewey Decimal Classification
Koha [por defecto] tipo de item 1- Monografias
Existencias
Suprimido Perdido Fuente de clasificación o esquema Estropeado Restricciones de uso No para préstamo Código de colección Localización permanente Localización actual Localización en estanter&íacute;as Fecha adquisición Fuente de adquisición Número de inventario Préstamos totales Signatura completa Código de barras Fecha última consulta Fecha último préstamo Coste, precio reemplazado Fecha del precio de reemplazo Tipo de item de Koha
NULL NULL Dewey Decimal Classification NULL Prestable NULL NULL Biblioteca Miguel de Cervantes - UNICAES Biblioteca Miguel de Cervantes - UNICAES Sala Principal 20/11/2013 Donación - Embajada de España 007470 2 972.84 ELS pro 1007470 28/10/2019 28/10/2019 9.00 20/11/2013 1- Monografias